QCM Les sports rares 5 - Statistiques

Statistiques générales
  • Ce quiz a été pris 10 fois
  • Le résultat moyen est 14 sur 30
Statistiques - réponses
Question Réponse % Correct
Le char à voile, qui est devenu un sport, servait à l'origine au transport de matériaux
100%
Quelle forme de lutte locale n'existe pas ? belge
100%
Quels animaux ne sont pas utilisés lors de courses officielles ? des lièvres
100%
Le skyrunning se pratique en montagne
100%
On pratique beaucoup le racketlon dans trois de ces quatre pays. Quel est l'intrus ? Etats-Unis
100%
Quelle lutte n'est pas reconnue aux Jeux Olympiques ? La lutte turque
100%
Le racketlon combine le badminton, le tennis, le tennis de table et le squash
100%
Quelle discipline n'existe pas en ski acrobatique ? Steeple ski
100%
La nage en eau libre se pratique dans trois de ces milieux, cochez l'intrus Torrent
100%
Le racketlon est un sport combiné
100%
L'hydrospeed est apparu dans les années 1950 au Canada
50%
Qu'est ce qui ne fait pas partie de l'équipement d'un nageur en eau libre des palmes
50%
Quelle discipline n'existe pas en skyrunning la descente
50%
Quelle discipline dérivée du skyrunning n'existe pas ? le skyswim
50%
Quelle épreuve n'existe pas en compétition d'hydrospeed ? le steeple
50%
Un grand aviateur s'est intéressé au char à voile et a construit son propre modèle... Louis Blériot
50%
L'hydrospeed est aussi appelé Nage en eau vive
50%
Le mot kabaddi signifie retenir son souffle
50%
Le record de vitesse sur sable avec un char à voile a été établi en 1991 à 151.55 km/h
0%
En juin 2023, le Français Axel Reymond est championnat du monde en titre de nage en eau libre sur 25 km
0%
Les courses de chiens se déroulent souvent sur un cynodrome
0%
Le kabaddi est un sport d'équipe
0%
Le jorkyball est un sport inspiré du football
0%
Le jorkyball a été inventé en 1987 en France
0%
Quelle discipline de ski acrobatique a disparu e, compétition ? le ballet
0%
Quelle affirmation est fausse concernant la lutte mongole ? le boki est sa forme mandchoue
0%
La nation ayant remporté le plus de titres en kabaddi aux Jeux asiatiques est l'Inde
0%
Dans quel pays, parmi ces quatre, ne se pratique pas la course de dromadaires ? Maroc
0%
Le jorkyball se pratique sur gazon synthétique
0%
Quel nom n'est pas la traduction en français d'une des disciplines du ski acrobatique ? Tremplin
0%
Aucun quiz correspondant
Distribution des résultats
% des personnes avec chaque résultat
Percentile par nombre de réponses
Votre historique - résultats
Vous n’avez pas pris ce quiz